Giáo trình thương mại điện tử căn bản

Tổng quan về thương mại điện tử. Cơ sở hạ tầng kinh tế xã hội của thương mại điện tử. Cơ sở hạ tầng pháp lý thương mại điện tử. Trang mạng và cơ sở dữ liệu của thương mại điện tử. An ninh thương mại điện tử... Các ứng dụng khá...

Πλήρης περιγραφή

Αποθηκεύτηκε σε:
Λεπτομέρειες βιβλιογραφικής εγγραφής
Κύριος συγγραφέας: Trần, Văn Hòe
Μορφή: Βιβλίο
Γλώσσα:Undetermined
Έκδοση: Hà Nội Đại học Kinh tế quốc dân 2010
Θέματα:
Ετικέτες: Προσθήκη ετικέτας
Δεν υπάρχουν, Καταχωρήστε ετικέτα πρώτοι!
Thư viện lưu trữ: Trung tâm Học liệu Trường Đại học Cần Thơ
LEADER 01059nam a2200205Ia 4500
001 CTU_166824
008 210402s9999 xx 000 0 und d
020 |c 45000 
082 |a 658.84 
082 |b H420 
100 |a Trần, Văn Hòe 
245 0 |a Giáo trình thương mại điện tử căn bản 
245 0 |c Trần Văn Hòe chủ biên 
260 |a Hà Nội 
260 |b Đại học Kinh tế quốc dân 
260 |c 2010 
520 |a Tổng quan về thương mại điện tử. Cơ sở hạ tầng kinh tế xã hội của thương mại điện tử. Cơ sở hạ tầng pháp lý thương mại điện tử. Trang mạng và cơ sở dữ liệu của thương mại điện tử. An ninh thương mại điện tử... Các ứng dụng khác của thương mại điện tử 
650 |a Electronic commerce,Thương mại điện tử 
904 |i Phuong, Năm 
980 |a Trung tâm Học liệu Trường Đại học Cần Thơ